Obra poética / (Record no. 8813)

MARC details
000 -LEADER
campo de control de longitud fija 01076nam a2200301 i 4500
001 - NÚMERO DE CONTROL
campo de control 8813
003 - IDENTIFICADOR DE NÚMERO DE CONTROL
campo de control ES-MaACL
005 - FECHA Y HORA DE LA ÚLTIMA TRANSACCIÓN
campo de control 20250909230841.0
007 - CAMPO FIJO DE DESCRIPCIÓN FÍSICA--INFORMACIÓN GENERAL
campo de control de longitud fija t|
008 - DATOS DE LONGITUD FIJA--INFORMACIÓN GENERAL
campo de control de longitud fija 921001s1988 sp ||||1| spa d
020 ## - NÚMERO INTERNACIONAL ESTÁNDAR DEL LIBRO
Número Internacional Estándar del Libro 84-00-06879-3
080 ## - NÚMERO DE LA CLASIFICACIÓN DECIMAL UNIVERSAL
Número de la Clasificación Decimal Universal 821.134.2(85)-14"19"
080 ## - NÚMERO DE LA CLASIFICACIÓN DECIMAL UNIVERSAL
Número de la Clasificación Decimal Universal 821.134.2(85) Vallejo, César 1.07
100 1# - ENTRADA PRINCIPAL--NOMBRE DE PERSONA
Nombre de persona Vallejo, César,
Fechas asociadas al nombre 1892-1938
9 (RLIN) 112833
245 10 - MENCIÓN DEL TÍTULO
Título Obra poética /
Mención de responsabilidad, etc. César Vallejo ; edición crítica, Américo Ferrari, coordinador.
250 ## - MENCION DE EDICION
Mención de edición 1ª ed.
260 ## - PUBLICACIÓN, DISTRIBUCIÓN, ETC.
Lugar de publicación, distribución, etc. Madrid :
Nombre del editor, distribuidor, etc. Consejo Superior de Investigaciones Científicas ;
Lugar de publicación, distribución, etc. París :
Nombre del editor, distribuidor, etc. ALLCA XXe,
Fecha de publicación, distribución, etc. 1988.
300 ## - DESCRIPCIÓN FÍSICA
Extensión XXXIII, 753 p. :
Otras características físicas 1 retr. ;
Dimensiones 23 cm.
490 1# - MENCIÓN DE SERIE
Mención de serie Archivos ;
Designación de volumen o secuencia 4
500 ## - NOTA GENERAL
Nota general Índice.
504 ## - NOTA DE BIBLIOGRAFÍA, ETC.
Nota de bibliografía, etc. Bibliografía: p. 671-695.
600 14 - PUNTO DE ACCESO ADICIONAL DE MATERIA--NOMBRE DE PERSONA
Nombre de persona Vallejo, César,
Fechas asociadas al nombre 1892-1938
Subdivisión general Crítica e interpretación
9 (RLIN) 112834
700 1# - ENTRADA AGREGADA--NOMBRE PERSONAL
Nombre de persona Ferrari, Américo,
Fechas asociadas al nombre 1929-
9 (RLIN) 50303
710 2# - ENTRADA AGREGADA--NOMBRE DE ENTIDAD CORPORATIVA
Nombre de entidad corporativa o nombre de jurisdicción como elemento de entrada Consejo Superior de Investigaciones Científicas (España)
9 (RLIN) 3236
830 1# - PUNTO DE ACCESO ADICIONAL DE SERIE-TÍTULO UNIFORME
Título uniforme Archivos ;
Designación de volumen o secuencia 4
9 (RLIN) 183847
852 4# - LOCALIZACIÓN
Ubicación ES-MaACL
Número de control de estantería L-16048
Holdings
Estatus retirado Estado de pérdida Estado de daño No para préstamo Biblioteca de origen Biblioteca actual Ubicación en estantería Fecha de adquisición Fuente de adquisición Total de préstamos Signatura topográfica completa Código de barras Visto por última vez Precio de reemplazo Tipo de ítem Koha
        Biblioteca del Ateneo de Madrid Biblioteca del Ateneo de Madrid Depósito 2 17/01/2008     L-16048 1008999 23/02/2023 23/02/2023 Libro impreso